Normal view
MARC view
- Soil mechanics
Entry Topical Term
001 - CONTROL NUMBER
- control field: 25958
003 - CONTROL NUMBER IDENTIFIER
- control field: NUST
005 - DATE AND TIME OF LATEST TRANSACTION
- control field: 20191120154819.0
008 - FIXED-LENGTH DATA ELEMENTS
- fixed length control field: 191120|| aca||aabn | a|a d
040 ## - CATALOGING SOURCE
- Original cataloging agency: NUST
- Transcribing agency: NUST
150 ## - HEADING--TOPICAL TERM
- Topical term or geographic name entry element: Soil mechanics
670 ## - SOURCE DATA FOUND
- Source citation: Work cat.: (NUST)0: Partial saturation in compacted soils :
